000 00291nam a2200133Ia 4500
100 _aSatyanarayana/S
942 _cBK
654 _aNetwork
245 _aNetwork theory analysis and synthesis
260 _bTechnova
_aPune
_c1995
082 _a4.6
_bSAT
300 _a482
546 _aENGLISH
999 _c25572
_d25572